[Event "Malambo Semifinal 1 Cat U16 Girls"]
[Site "Malambo"]
[Date "2017.03.04"]
[Round "5.6"]
[White "Tovar Meza, Lina"]
[Black "Blanco Noguera, Yoryeth"]
[Result "1-0"]
[WhiteElo "1338"]
[BlackElo "1574"]
[PlyCount "39"]
[EventDate "2017.03.02"]
[EventType "swiss"]
[EventRounds "5"]
[EventCountry "COL"]
[SourceTitle "EXT 2024"]
[Source "ChessBase"]
[SourceDate "2023.10.10"]
[SourceVersion "1"]
[SourceVersionDate "2023.10.10"]
[SourceQuality "1"]

1. e4 e5 2. Nc3 Nc6 3. g3 Nf6 4. Bg2 Bc5 5. Nge2 0-0 6. d3 b6 7. 0-0 Nd4 8. Be3 Nxe2+ 9. Qxe2 Bb7 10. Bxc5 bxc5 11. Qd2 d5 12. Rad1 dxe4 13. dxe4 Qxd2 14. Rxd2 Rfd8 15. Rfd1 Rxd2 16. Rxd2 h6 17. f3 Rb8 18. b3 a5 19. Nb5 c6 20. Nc3 1-0

[Event "COL-ch Superate fin-B Girls"]
[Site "Bogota"]
[Date "2016.11.15"]
[Round "2.5"]
[White "Tovar Meza, Lina"]
[Black "Valencia Lopez, Daily Vanessa"]
[Result "1-0"]
[WhiteElo "1259"]
[BlackElo "1591"]
[PlyCount "97"]
[EventDate "2016.11.15"]
[EventType "swiss"]
[EventRounds "5"]
[EventCountry "COL"]
[SourceTitle "EXT 2024"]
[Source "ChessBase"]
[SourceDate "2023.10.10"]
[SourceVersion "1"]
[SourceVersionDate "2023.10.10"]
[SourceQuality "1"]

1. e4 c5 2. Nc3 d6 3. g3 Nf6 4. Bg2 Nc6 5. Nge2 g6 6. 0-0 Bg7 7. d3 0-0 8. h3 a6 9. a4 Qc7 10. Be3 e5 11. f4 b6 12. Qd2 Nd4 13. Bf2 Bd7 14. Nxd4 cxd4 15. Ne2 Rac8 16. Rfc1 Rfd8 17. c3 dxc3 18. bxc3 Bc6 19. Qe3 Nd7 20. d4 Re8 21. d5 Bb7 22. Be1 Bxd5 23. exd5 exf4 24. Qf2 Nc5 25. Nxf4 Nb3 26. Rab1 Nxc1 27. Rxc1 Qc5 28. Qxc5 bxc5 29. Bf1 a5 30. Bb5 Re7 31. c4 Ra7 32. Nd3 Bf6 33. g4 Bd8 34. Bg3 Bc7 35. Nf2 Rd8 36. Bh4 Rda8 37. Be7 Kg7 38. Ne4 f5 39. Nxd6 Bxd6 40. Bxd6 Rd8 41. Bxc5 Rf7 42. Bb6 Ra8 43. c5 fxg4 44. hxg4 Rf4 45. d6 Rxg4+ 46. Kh2 Rd4 47. d7 Kf6 48. Re1 Rd2+ 49. Kg3 1-0

[Event "COL-ch Superate A (Women)"]
[Site "Colombia"]
[Date "2015.10.19"]
[Round "6.2"]
[White "Tovar Meza, Lina"]
[Black "Fraile Vela, Maria Isabel"]
[Result "1-0"]
[WhiteElo "1485"]
[BlackElo "1698"]
[PlyCount "107"]
[EventDate "2015.10.19"]
[EventType "swiss (rapid)"]
[EventRounds "6"]
[EventCountry "COL"]
[SourceTitle "EXT 2024"]
[Source "ChessBase"]
[SourceDate "2023.10.10"]
[SourceVersion "1"]
[SourceVersionDate "2023.10.10"]
[SourceQuality "1"]

1. e4 e5 2. Nc3 Nf6 3. g3 Nc6 4. Bg2 d6 5. Nge2 Be6 6. 0-0 Qd7 7. d3 Bh3 8. Bg5 Bxg2 9. Kxg2 Be7 10. d4 h6 11. Bxf6 Bxf6 12. d5 Ne7 13. b3 h5 14. Ng1 h4 15. h3 Ng6 16. Qf3 0-0-0 17. Qf5 Qxf5 18. exf5 Ne7 19. g4 e4 20. Nge2 g6 21. fxg6 Nxg6 22. Rab1 Bxc3 23. Nxc3 Rde8 24. Rfe1 Nf4+ 25. Kh2 Rh6 26. Rxe4 Rxe4 27. Nxe4 Nxd5 28. a3 Re6 29. Ng5 Re2 30. Kg2 Rxc2 31. Nxf7 Nf4+ 32. Kf1 Nxh3 33. Kg2 Rxf2+ 34. Kxh3 Rxf7 35. Kxh4 Kd7 36. Re1 Rf6 37. Kh5 Re6 38. Rf1 Re3 39. g5 Rg3 40. g6 Kc6 41. Kh6 a5 42. g7 b5 43. Kh7 Rh3+ 44. Kg6 Rg3+ 45. Kf7 Rxg7+ 46. Kxg7 Kc5 47. Rf4 c6 48. Kf6 d5 49. Ke5 Kb6 50. b4 axb4 51. axb4 Kc7 52. Rf6 Kd7 53. Kd4 Kc7 54. Kc5 1-0

[Event "COL-ch Superate A (Women)"]
[Site "Colombia"]
[Date "2015.10.18"]
[Round "10.7"]
[White "Galvan Espalza, Eliana"]
[Black "Tovar Meza, Lina"]
[Result "0-1"]
[WhiteElo "1600"]
[BlackElo "1485"]
[PlyCount "90"]
[EventDate "2015.10.18"]
[EventType "swiss (blitz)"]
[EventRounds "12"]
[EventCountry "COL"]
[SourceTitle "EXT 2024"]
[Source "ChessBase"]
[SourceDate "2023.10.10"]
[SourceVersion "1"]
[SourceVersionDate "2023.10.10"]
[SourceQuality "1"]

1. e4 c5 2. Nc3 d6 3. Nf3 Nf6 4. Bb5+ Nbd7 5. Bxd7+ Qxd7 6. d3 e6 7. Bg5 Be7 8. Bxf6 Bxf6 9. 0-0 a6 10. a3 b5 11. b4 Bb7 12. Qd2 Rc8 13. bxc5 Rxc5 14. d4 Rc4 15. Rae1 a5 16. e5 dxe5 17. dxe5 Qxd2 18. Nxd2 Rxc3 19. exf6 g6 20. Rd1 Rxc2 21. Nb3 Ba6 22. Rd2 Rxd2 23. Nxd2 b4 24. axb4 Bxf1 25. bxa5 0-0 26. Kxf1 Ra8 27. Nc4 Kf8 28. Ke2 Ke8 29. Kd3 Kd7 30. Kc3 Kc6 31. Kb4 Kb7 32. Kb5 h5 33. Nd6+ Kc7 34. Nxf7 Rf8 35. Ne5 Rxf6 36. Nc6 Rf5+ 37. Kb4 Kxc6 38. h3 Kb7 39. g4 Rd5 40. gxh5 Rxh5 41. f4 Ka6 42. Ka4 Rxa5+ 43. Kb4 Rd5 44. Kc4 Kb6 45. Kc3 Kc5 0-1

[Event "COL-ch Superate A (Women)"]
[Site "Colombia"]
[Date "2015.10.18"]
[Round "12.4"]
[White "Tovar Meza, Lina"]
[Black "Diaz, Luisa Fernanda"]
[Result "0-1"]
[WhiteElo "1485"]
[BlackElo "1488"]
[PlyCount "34"]
[EventDate "2015.10.18"]
[EventType "swiss (blitz)"]
[EventRounds "12"]
[EventCountry "COL"]
[SourceTitle "EXT 2024"]
[Source "ChessBase"]
[SourceDate "2023.10.10"]
[SourceVersion "1"]
[SourceVersionDate "2023.10.10"]
[SourceQuality "1"]

1. e4 c5 2. Nf3 e6 3. d4 cxd4 4. Nxd4 a6 5. Nc3 b5 6. Bd3 Bb7 7. a3 Qc7 8. b4 Qxc3+ 9. Bd2 Qxd4 10. 0-0 Qb6 11. Be3 Qc7 12. Rc1 Nf6 13. Qf3 d5 14. exd5 Bxd5 15. Qe2 Bd6 16. g3 Nbd7 17. Rcd1 Ne5 0-1

[Event "Bogota Superate Intercol Adv (Women)"]
[Site "Bogota"]
[Date "2014.10.23"]
[Round "2.9"]
[White "Tovar Meza, Lina"]
[Black "Pinillo Canon, Silvana"]
[Result "0-1"]
[WhiteElo "1425"]
[BlackElo "1539"]
[PlyCount "52"]
[EventDate "2014.10.23"]
[EventType "swiss (rapid)"]
[EventRounds "6"]
[EventCountry "COL"]
[SourceTitle "EXT 2024"]
[Source "ChessBase"]
[SourceDate "2023.10.10"]
[SourceVersion "1"]
[SourceVersionDate "2023.10.10"]
[SourceQuality "1"]

1. e4 e5 2. Nf3 Nc6 3. Bc4 Nf6 4. Ng5 d5 5. exd5 Na5 6. Qe2 Nxc4 7. Qxc4 Nxd5 8. d3 Be7 9. Nc3 Nxc3 10. Qxf7+ Kd7 11. Ne6 Qg8 12. Nc5+ Kd8 13. Qxg8+ Rxg8 14. bxc3 Bxc5 15. d4 exd4 16. cxd4 Bxd4 17. Bg5+ Bf6 18. Bxf6+ gxf6 19. 0-0 Bd7 20. Rad1 c6 21. Kh1 Kc7 22. Rd3 Rae8 23. Rfd1 Bf5 24. R3d2 Re7 25. Rd6 Bxc2 26. R1d2 Re1# 0-1

[Event "Bogota Superate Intercol (Women)"]
[Site "Bogota"]
[Date "2014.10.22"]
[Round "4.12"]
[White "Hermida, Paula Camila"]
[Black "Tovar Meza, Lina"]
[Result "0-1"]
[WhiteElo "1482"]
[BlackElo "1425"]
[PlyCount "56"]
[EventDate "2014.10.21"]
[EventType "swiss"]
[EventRounds "5"]
[EventCountry "COL"]
[SourceTitle "EXT 2024"]
[Source "ChessBase"]
[SourceDate "2023.10.10"]
[SourceVersion "1"]
[SourceVersionDate "2023.10.10"]
[SourceQuality "1"]

1. e4 e5 2. Nf3 d5 3. Nc3 d4 4. Bb5+ c6 5. Bc4 dxc3 6. Ng5 Qxg5 7. Qf3 Nf6 8. dxc3 Bg4 9. Qd3 Qg6 10. f3 b5 11. Bxb5 cxb5 12. Qxb5+ Bd7 13. Qe2 Nh5 14. g4 Nf4 15. Bxf4 exf4 16. 0-0-0 Bc5 17. a3 Be6 18. Qb5+ Nd7 19. b4 Be3+ 20. Kb1 0-0 21. c4 a5 22. bxa5 Rab8 23. Qb2 Rxb2+ 24. Kxb2 Rb8+ 25. Kc3 Qf6+ 26. Kd3 Ne5+ 27. Ke2 Bxc4+ 28. Ke1 Qh4# 0-1

[Event "North Region-ch U14 Girls"]
[Site "Maicao"]
[Date "2014.05.02"]
[Round "3.3"]
[White "Castro, Dayana"]
[Black "Tovar Meza, Lina"]
[Result "1-0"]
[WhiteElo "1536"]
[BlackElo "1465"]
[PlyCount "25"]
[EventDate "2014.05.01"]
[EventType "swiss"]
[EventRounds "6"]
[EventCountry "COL"]
[SourceTitle "EXT 2024"]
[Source "ChessBase"]
[SourceDate "2023.10.10"]
[SourceVersion "1"]
[SourceVersionDate "2023.10.10"]
[SourceQuality "1"]

1. d4 d5 2. c4 dxc4 3. e3 Nf6 4. Bxc4 Bf5 5. Nc3 e5 6. dxe5 Qxd1+ 7. Nxd1 Ne4 8. Nc3 Bb4 9. Bd2 Nxc3 10. Bxc3 Bxc3+ 11. bxc3 Nd7 12. Nf3 0-0-0 13. 0-0 1-0